[Event "Outaouais op U1500"]
[Site "Gatineau"]
[Date "2015.06.06"]
[Round "3"]
[White "Dupont Mageau, Nicolas"]
[Black "Bernatchez, Lucas"]
[Result "0-1"]
[WhiteElo "1332"]
[BlackElo "1448"]
[PlyCount "116"]
[EventDate "2015.06.05"]
[EventType "swiss"]
[EventRounds "5"]
[EventCountry "CAN"]
[SourceTitle "EXT 2019"]
[Source "ChessBase"]
[SourceDate "2018.10.10"]
[SourceVersion "1"]
[SourceVersionDate "2018.10.10"]
[SourceQuality "1"]

1. e4 e6 2. d4 d5 3. Nc3 Bb4 4. Bd2 dxe4 5. a3 Bxc3 6. Bxc3 Nf6 7. f3 0-0 8. Bc4 Re8 9. Qe2 exf3 10. Qxf3 Nd5 11. Bd3 b6 12. Qh3 h6 13. Bd2 e5 14. Qg3 exd4+ 15. Kd1 Ne3+ 16. Bxe3 Rxe3 17. Qf4 Qe7 18. Kd2 c5 19. Ne2 Bb7 20. Ng3 Qg5 21. Qxg5 hxg5 22. Rhe1 Nd7 23. Rxe3 dxe3+ 24. Kxe3 Bxg2 25. Rd1 Nf6 26. Rd2 Ng4+ 27. Ke2 Re8+ 28. Kd1 Bf3+ 29. Be2 Bxe2+ 30. Nxe2 Nxh2 31. Rd7 a5 32. Rb7 Re6 33. Nc3 Nf3 34. Ne2 g4 35. c4 Rd6+ 36. Kc1 Nd2 37. Rb8+ Kh7 38. Rb7 f5 39. Rf7 Kg6 40. Rb7 Nb3+ 41. Kb1 Kh6 42. Rf7 Rf6 43. Rd7 f4 44. Kc2 Nd4+ 45. Nxd4 cxd4 46. Rxd4 g3 47. Rd1 f3 48. Rh1+ Kg6 49. Rg1 g2 50. Kd2 Re6 51. b4 axb4 52. axb4 Kf7 53. Re1 Rxe1 54. Kxe1 g1Q+ 55. Kd2 Qd4+ 56. Kc2 f2 57. b5 f1Q 58. c5 Qfc4+ 0-1

[Event "Quebec Montcalm op 2 2014-15"]
[Site "Quebec"]
[Date "2014.10.23"]
[Round "3"]
[White "Bernatchez, Lucas"]
[Black "Genest, Dominic"]
[Result "0-1"]
[WhiteElo "1433"]
[BlackElo "1494"]
[PlyCount "62"]
[EventDate "2014.10.09"]
[EventType "swiss"]
[EventRounds "5"]
[EventCountry "CAN"]
[SourceTitle "EXT 2022"]
[Source "ChessBase"]
[SourceDate "2021.10.06"]
[SourceVersion "1"]
[SourceVersionDate "2021.10.06"]
[SourceQuality "1"]

1. d4 d5 2. c4 e6 3. Nf3 Nf6 4. Bg5 c6 5. Nbd2 Nbd7 6. e3 Bd6 7. cxd5 exd5 8. Bd3 0-0 9. 0-0 Re8 10. Qc2 Nf8 11. Rac1 Ng6 12. a3 h6 13. Bxh6 Ne4 14. Nxe4 dxe4 15. Bxe4 Rxe4 16. Bg5 Qe8 17. g3 Bf5 18. Qb3 Bh3 19. Rfe1 Qd7 20. Nd2 Be6 21. Qc3 Rg4 22. h4 f6 23. Qc2 fxg5 24. Qxg6 gxh4 25. Qh5 b6 26. f3 g6 27. Ne4 Rxg3+ 28. Kf2 gxh5 29. Nf6+ Kf7 30. Nxd7 Bxd7 31. Rh1 Rag8 0-1

[Event "Quebec Montcalm op 1 2014-15"]
[Site "Quebec"]
[Date "2014.09.18"]
[Round "3"]
[White "Bernatchez, Lucas"]
[Black "Dube, Daniel"]
[Result "0-1"]
[WhiteElo "1420"]
[BlackElo "1832"]
[PlyCount "54"]
[EventDate "2014.09.04"]
[EventType "swiss"]
[EventRounds "5"]
[EventCountry "CAN"]
[SourceTitle "EXT 2022"]
[Source "ChessBase"]
[SourceDate "2021.10.06"]
[SourceVersion "1"]
[SourceVersionDate "2021.10.06"]
[SourceQuality "1"]

1. d4 Nf6 2. c4 g6 3. Nc3 d5 4. cxd5 Nxd5 5. e4 Nxc3 6. bxc3 Bg7 7. Bc4 c5 8. Ne2 Nc6 9. Be3 0-0 10. 0-0 Qc7 11. Rc1 Na5 12. Bd3 b6 13. Ng3 e5 14. d5 Nb7 15. h4 Nd6 16. f4 Qe7 17. Kf2 exf4 18. Bxf4 Be5 19. Bg5 f6 20. Bh6 Bxg3+ 21. Kxg3 Qe5+ 22. Bf4 Nxe4+ 23. Bxe4 Qxe4 24. Re1 Qf5 25. Bh6 g5 26. hxg5 fxg5 27. Rf1 Qe5+ 0-1

[Event "Gatineau TORO U1500"]
[Site "Gatineau"]
[Date "2013.06.08"]
[Round "2"]
[White "Bernatchez, Lucas"]
[Black "Legare, Gilles"]
[Result "1-0"]
[WhiteElo "1450"]
[BlackElo "1150"]
[PlyCount "57"]
[EventDate "2013.06.07"]
[EventType "swiss"]
[EventRounds "5"]
[EventCountry "CAN"]
[SourceTitle "EXT 2022"]
[Source "ChessBase"]
[SourceDate "2021.10.06"]
[SourceVersion "1"]
[SourceVersionDate "2021.10.06"]
[SourceQuality "1"]

1. d4 e6 2. c4 b6 3. Nc3 Be7 4. Nf3 Bb7 5. e4 Nf6 6. Bd3 Bb4 7. Bg5 h6 8. Bxf6 Qxf6 9. Qc2 Nc6 10. e5 Qf4 11. d5 Nd4 12. Nxd4 Qxd4 13. 0-0 Qxe5 14. Rfe1 Qg5 15. Re2 Be7 16. Rae1 0-0-0 17. Re5 Qf6 18. Bf5 g6 19. Bh3 Bd6 20. R5e3 Bc5 21. Ne4 Qh4 22. Nxc5 bxc5 23. Qa4 Kb8 24. Ra3 a6 25. Qb3 Ka7 26. Qa4 f5 27. dxe6 dxe6 28. Rxe6 Qg5 29. Rxa6+ 1-0